000 00717nam a22002657a 4500
003 UA-OsUOA
001 28045
007 ta
008 20040922b un ||||| |||| 00| 0 ukr d
100 _aПассов Е. И.
090 _a81'13-111
_bП19
942 _cBK
040 _aUA-OsUOA
_brus
_cUA-OsUOA
_dUA-OsUOA
245 _aКоммуникативный метод обучения иноязычному говорению
300 _a224 с.
_bІлюстрації
955 _a0
041 _arus
080 _a81'13-111
020 _a5-09-000707-1
260 _aМосква
_bПросвещение
_c1991
044 _aRU
250 _n2-е изд.
650 7 _2UDC
999 _c314400
_d314400